Management Economics (Record no. 5375)

MARC details
000 -LEADER
fixed length control field 00314nam a2200145Ia 4500
003 - CONTROL NUMBER IDENTIFIER
control field OSt
008 - FIXED-LENGTH DATA ELEMENTS--GENERAL INFORMATION
fixed length control field 191201s2019 xx 000 0 und d
082 ## - DEWEY DECIMAL CLASSIFICATION NUMBER
Classification number 658.15
Item number KEM
100 ## - MAIN ENTRY--PERSONAL NAME
Personal name KEAT,Paul G
245 #0 - TITLE STATEMENT
Title Management Economics
260 ## - PUBLICATION, DISTRIBUTION, ETC. (IMPRINT)
Place of publication, distribution, etc New Delhi
Name of publisher, distributor, etc Pearson
300 ## - PHYSICAL DESCRIPTION
Extent 551
650 ## - SUBJECT ADDED ENTRY--TOPICAL TERM
Topical term or geographic name as entry element MBA
942 ## - ADDED ENTRY ELEMENTS (KOHA)
Source of classification or shelving scheme Dewey Decimal Classification
Koha item type Text Books
Holdings
Withdrawn status Lost status Source of classification or shelving scheme Damaged status Not for loan Collection code Home library Current library Date acquired Source of acquisition Cost, normal purchase price Bill Number Total Checkouts Full call number Acc. no. / Barcode Date last seen Date last borrowed Bill Date Koha item type
    Dewey Decimal Classification     MBA PIET C-LIBRARY PIET C-LIBRARY 16/07/2012 IBH, New Delhi 499.00 5677 1 658.15 PEM 20182 12/04/2024 20/03/2024 14/07/2012 Text Books
    Dewey Decimal Classification     MBA PIET C-LIBRARY PIET C-LIBRARY 16/07/2012 IBH, New Delhi 499.00 5677   658.15 PEM 20183 04/12/2019   14/07/2012 Text Books
    Dewey Decimal Classification     MBA PIET C-LIBRARY PIET C-LIBRARY 16/07/2012 IBH, New Delhi 499.00 5677   658.15 PEM 20184 04/12/2019   14/07/2012 Text Books
    Dewey Decimal Classification     MBA PIET C-LIBRARY PIET C-LIBRARY 16/07/2012 IBH, New Delhi 499.00 5677   658.15 PEM 20185 04/12/2019   14/07/2012 Text Books
    Dewey Decimal Classification     MBA PIET C-LIBRARY PIET C-LIBRARY 16/07/2012 IBH, New Delhi 499.00 5677   658.15 PEM 20186 04/12/2019   14/07/2012 Text Books
    Dewey Decimal Classification     MBA PIET C-LIBRARY PIET C-LIBRARY 16/07/2012 IBH, New Delhi 499.00 5677   658.15 KEM 20187 04/12/2019   14/07/2012 Text Books
    Dewey Decimal Classification     MBA PIET C-LIBRARY PIET C-LIBRARY 16/07/2012 IBH, New Delhi 499.00 5677   658.15 PEM 20188 04/12/2019   14/07/2012 Text Books

Design & Developed by: PIET Central Library
R70 Miles Stone Pattikalyana Samalkha Panipat 132102
mail ID :- [email protected], Phone No:- 0180-2569700 Ex.216